• 首页
  • 本馆介绍
  • 公告通知
  • 最新文献
  • 馆藏检索
  • 电子资源
  • 读者导购
  • 参考咨询
  • 我的图书馆
  • 登录
  • 详细信息显示
  • 放入我的书架
  • 预约/预借图书
  • 作者相关作品
  • 分类相关作品
  • 丛书相关作品
  • 出版社相关作品

书目信息

  • 表格格式
  • 工作单格式
  • 卡片格式
题名:
济南 下
    
 
作者: 李德征 编
分册:  
出版信息: 北京   旅游教育出版社  2006.12
页数: 102页
开本: 19cm
丛书名: 中国历史文化名城丛书
单 册:
中图分类: K925.21
科图分类:
主题词: 地理--中国
电子资源:
ISBN: 7-5637-1001-9
000 00649nam0 2200241 450
001 22048
005 20080107111219.42
010    @a7-5637-1001-9@dCNY18.50
100    @a20070922d2006 km y0chiy0120 ea
101 0  @achi
102    @aCN@b110000
200 1  @a济南 下@Aji nan xia@f李德征编@Fli de zheng bian
205    @a2版
210    @a北京@c旅游教育出版社@d2006.12
215    @a102页@d19cm
225 2  @a中国历史文化名城丛书
410  0 @12001 @a中国历史文化名城丛书
606 0  @a地理@x中国
690    @aK925.21@v4
701  0 @a李德征@Ali de zheng@4编
801  0 @aCN@bNISOFT@c20080107
905    @aBZT@dK925.21@e1-2
906    @dCNY18.50@n0@r1
    
    济南 下/李德征编.-2版.-北京:旅游教育出版社,2006.12
    102页;19cm.-(中国历史文化名城丛书)
    
    
    ISBN 7-5637-1001-9:CNY18.50
    
●
相关链接 在五车中查询图书 在当当中查询图书 在豆瓣中查询图书


正题名:济南 下     索取号:K925.21/1-2         预约/预借

序号 登录号 条形码 馆藏地/架位号 状态 备注
1 643360   2000643360   中心书库南/015架A面7层8列/ [索取号:K925.21/1-2] 在馆    
2 643361   2000643361   中心书库南/015架A面7层8列/ [索取号:K925.21/1-2] 在馆    
3 643362   2000643362   中心书库南/015架A面7层8列/ [索取号:K925.21/1-2] 在馆    
4 643363   2000643363   中心书库南/015架A面7层8列/ [索取号:K925.21/1-2] 在馆    
5 643364   2000643364   中心书库南/015架A面7层8列/ [索取号:K925.21/1-2] 在馆    
6 643365   2000643365   中心书库南/015架A面7层8列/ [索取号:K925.21/1-2] 在馆    
7 643366   2000643366   中心书库南/015架A面7层8列/ [索取号:K925.21/1-2] 在馆    
8 643367   2000643367   中心书库南/015架A面7层8列/ [索取号:K925.21/1-2] 在馆    
9 643368   2000643368   中心书库南/015架A面7层8列/ [索取号:K925.21/1-2] 在馆    
10 643369   2000643369   中心书库南/015架A面7层8列/ [索取号:K925.21/1-2] 在馆    
山东省滨州职业学院图书馆 欢迎您!
大连网信软件有限公司© 版权所有